| 000 -LEADER |
| fixed length control field |
02048 a2200289 4500 |
| 003 - CONTROL NUMBER IDENTIFIER |
| control field |
OSt |
| 005 - DATE AND TIME OF LATEST TRANSACTION |
| control field |
20180116192334.0 |
| 008 - FIXED-LENGTH DATA ELEMENTS--GENERAL INFORMATION |
| fixed length control field |
120419t xxu||||| |||| 00| 0 eng d |
| 010 ## - LIBRARY OF CONGRESS CONTROL NUMBER |
| LC control number |
2005534399 |
| 020 ## - INTERNATIONAL STANDARD BOOK NUMBER |
| International Standard Book Number |
8884917328 |
| 035 ## - SYSTEM CONTROL NUMBER |
| System control number |
(OCoLC)ocm57695793 |
| 040 ## - CATALOGING SOURCE |
| Transcribing agency |
0 |
| 082 00 - DEWEY DECIMAL CLASSIFICATION NUMBER |
| Classification number |
720.92 |
| 100 1# - MAIN ENTRY--PERSONAL NAME |
| Personal name |
Terragni, Attilio Alberto, |
| 9 (RLIN) |
830 |
| 245 14 - TITLE STATEMENT |
| Title |
The Terragni atlas : |
| Remainder of title |
built architectures / |
| Statement of responsibility, etc. |
Attilio Terragni, Daniel Libeskind, Paolo Rosselli. |
| 260 ## - PUBLICATION, DISTRIBUTION, ETC. |
| Place of publication, distribution, etc. |
Milan : |
| Name of publisher, distributor, etc. |
Skira, |
| Date of publication, distribution, etc. |
c2004. |
| 300 ## - PHYSICAL DESCRIPTION |
| Extent |
423 p. : |
| Other physical details |
ill. (some col.) ; |
| Dimensions |
30 cm. |
| 505 0# - FORMATTED CONTENTS NOTE |
| Formatted contents note |
The world of Terragni -- The Terragni Atlas / Attilio Terragni -- Building Themes -- Mouldings -- Marble -- Progress in light and air -- The glass revolution -- Linoleum -- Progress in structures -- Polemics -- Proportions -- Life after life / Daniel Libeskind -- The Terragni Atlas -- Sant'Elia nursery school, Como -- Casa Giuliani Frigerio, Como -- Casa del Fascio, Como -- Giuseppe Terragni. First architect of time -- Novocomum, Como -- Villa Bianca, Seveso -- Monument to the fallen, Como -- Funerary aedicules, Como -- Monument to the fallen, Erba -- Sarfatti monument, Col d'Echele -- Casa del Fascio, Lissone -- Residential buildings, Milan -- How I photographed Terragni / Paolo Rosselli -- Materials and colours -- Giuseppe Terragni -- Biography of Giuseppe Terragni / Alberto Sartoris -- Biography of Giuseppe Terragni / Pietro Lingeri -- General list of works -- List of works presented in the Terragni Atlas. |
| 600 10 - SUBJECT ADDED ENTRY--PERSONAL NAME |
| Personal name |
Terragni, Giuseppe, |
| Dates associated with a name |
1904-1943 |
| General subdivision |
Criticism and interpretation. |
| 9 (RLIN) |
831 |
| 650 #0 - SUBJECT ADDED ENTRY--TOPICAL TERM |
| Topical term or geographic name entry element |
Architecture |
| Geographic subdivision |
Italy |
| General subdivision |
History |
| Chronological subdivision |
20th century. |
| 9 (RLIN) |
832 |
| 700 1# - ADDED ENTRY--PERSONAL NAME |
| Personal name |
Libeskind, Daniel, |
| Dates associated with a name |
1946- |
| 9 (RLIN) |
833 |
| 700 1# - ADDED ENTRY--PERSONAL NAME |
| Personal name |
Rosselli, Paolo. |
| 9 (RLIN) |
834 |
| 856 42 - ELECTRONIC LOCATION AND ACCESS |
| Materials specified |
Contributor biographical information |
| Uniform Resource Identifier |
<a href="http://www.loc.gov/catdir/enhancements/fy0628/2005534399-b.html">http://www.loc.gov/catdir/enhancements/fy0628/2005534399-b.html</a> |
| 856 42 - ELECTRONIC LOCATION AND ACCESS |
| Materials specified |
Publisher description |
| Uniform Resource Identifier |
<a href="http://www.loc.gov/catdir/enhancements/fy0628/2005534399-d.html">http://www.loc.gov/catdir/enhancements/fy0628/2005534399-d.html</a> |
| 942 ## - ADDED ENTRY ELEMENTS (KOHA) |
| Institution code [OBSOLETE] |
SADA |
| Koha item type |
Reference |
| Call number prefix |
720.92 TER 2004 |
| Source of classification or shelving scheme |
|